La depreciación monetaria y el seguro / (Record no. 70787)

MARC details
000 -LEADER
campo de control de longitud fija 00481nam a2200157 i 4500
001 - NÚMERO DE CONTROL
campo de control 70787
003 - IDENTIFICADOR DE NÚMERO DE CONTROL
campo de control ES-MaACL
005 - FECHA Y HORA DE LA ÚLTIMA TRANSACCIÓN
campo de control 20230906170925.0
007 - CAMPO FIJO DE DESCRIPCIÓN FÍSICA--INFORMACIÓN GENERAL
campo de control de longitud fija t|
008 - DATOS DE LONGITUD FIJA--INFORMACIÓN GENERAL
campo de control de longitud fija 040803s1956 sp ||||1| spa d
100 1# - ENTRADA PRINCIPAL--NOMBRE DE PERSONA
Nombre de persona Garrido y Comas, J. J.
9 (RLIN) 55731
245 13 - MENCIÓN DEL TÍTULO
Título La depreciación monetaria y el seguro /
Mención de responsabilidad, etc. J.J. Garrido y Comas.
260 ## - PUBLICACIÓN, DISTRIBUCIÓN, ETC.
Lugar de publicación, distribución, etc. Barcelona :
Nombre del editor, distribuidor, etc. José María Bosch,
Fecha de publicación, distribución, etc. [1956] (
Fabricante Vda. de Manuel Conchs)
300 ## - DESCRIPCIÓN FÍSICA
Extensión 188 p. ;
Dimensiones 21 cm.
852 ## - LOCALIZACIÓN
Ubicación ES-MaACL
Número de control de estantería C-11789
Sublocalización o colección R.39875
Holdings
Estatus retirado Estado de pérdida Estado de daño No para préstamo Biblioteca de origen Biblioteca actual Ubicación en estantería Fecha de adquisición Fuente de adquisición Total de préstamos Signatura topográfica completa Código de barras Visto por última vez Precio de reemplazo Tipo de ítem Koha
        Biblioteca del Ateneo de Madrid Biblioteca del Ateneo de Madrid Sala Palomar 17/01/2008     C-11789 1074117 23/02/2023 23/02/2023 Libro impreso